000 00297nam a2200133Ia 4500
008 230917s9999||||xx |||||||||||||| ||und||
040 _e132154
_aMAIN
041 _aEnglish
082 _a330.1543 J641E
100 _aJohnston.J
245 0 _aEconomics methods
300 _a568p. p.
942 _cBK
999 _c61512
_d61512